Excel 2016 a 2019 - pokročilé nástroje funkce, databáze, kontingenční tabulky, prezentace, příklady

Gespeichert in:
Bibliographische Detailangaben
1. Verfasser: Laurenčík, Marek
Weitere Verfasser: Bureš, Michal
Format: Buch
Sprache:Tschechisch
Veröffentlicht: Praha Grada Publishing 2020
Ausgabe:1. vydání
Schriftenreihe:Průvodce
Schlagworte:
Tags: Tag hinzufügen
Keine Tags, Fügen Sie das erste Tag hinzu!

MARC

LEADER 00000nam a2200000 4500
001 0279318
005 20240221115916.9
020 |a 978-80-271-2471-8 
020 |a 978-80-271-1077-3 
020 |a 978-80-271-1078-0 
041 0 |a cze 
044 |a CZ 
245 1 0 |a Excel 2016 a 2019 - pokročilé nástroje  |b funkce, databáze, kontingenční tabulky, prezentace, příklady  |c Marek Laurenčík, Michal Bureš 
250 |a 1. vydání 
264 1 |a Praha  |b Grada Publishing  |c 2020 
300 |a 251 s. 
490 1 |a Průvodce 
830 0 |a Průvodce 
610 2 0 |a procesory tabuľkové 
610 2 0 |a softvér 
610 2 0 |a dáta 
610 2 0 |a programy 
610 2 0 |a vzorce 
610 2 0 |a tabuľky kontingenčné 
610 2 0 |a prezentácia 
610 2 0 |a štatistika 
610 2 0 |a grafy 
610 2 0 |a kontrola dát 
610 2 0 |a analýza dát 
100 1 |a Laurenčík, Marek 
700 1 |a Bureš, Michal